000 00673nam a2200181Ia 4500
003 GCL
005 20240530104707.0
008 140319s9999 xx 000 0 ara d
040 _aGCL /
_cGCL
082 0 4 _a621.381548
_bف ا
100 1 _aفاروق سيد حسين
245 1 0 _aالاختبارات الالكترونية باستعمال اجهزة القياس المتاحة /
_cفاروق سيد حسين
260 _aبيروت :
_bدار الراتب الجامعية
300 _a142 ص؛
_c24 سم
490 _aسلسلة تكنولوجيا الالكترونيات الحديثة
_v5
650 0 4 _aالاجهزة الالكترونية
942 _2ddc
_cBK
999 _c49901
_d49901